Australia strives to ease growth pains (Record no. 77622)

MARC details
000 -LEADER
fixed length control field 01604cab a2200241 4500
001 - CONTROL NUMBER
control field ##L134707
008 - FIXED-LENGTH DATA ELEMENTS--GENERAL INFORMATION
fixed length control field 060829n2006 000 0 eng u
035 ## - SYSTEM CONTROL NUMBER
System control number (Sirsi) u134707
041 0# - LANGUAGE CODE
Language code of text/sound track or separate title eng
100 1# - MAIN ENTRY--PERSONAL NAME
Personal name Blackman, David
245 00 - TITLE STATEMENT
Title Australia strives to ease growth pains
260 ## - PUBLICATION, DISTRIBUTION, ETC.
Date of publication, distribution, etc. 2006
490 #0 - SERIES STATEMENT
Series statement Planning (for the Natural and Built Environment)
Volume/sequential designation (1682) 18 August 2006, 14-15(2)
520 ## - SUMMARY, ETC.
Summary, etc. Looks to Australia for the direction future urban development might take in the UK following the Barker review. The release of housing land for affordable owner-occupied housing has been the norm in Australia with the consequence that urban sprawl has happened on a scale unknown in Europe. Melbourne accommodates less than half London's population on the same amount of land. Discusses the Melbourne 2030 strategic plan which establishes an urban growth boundary for the first time and encourages developers to bring forward projects in places identified in the document. Forty per cent of the city's planned housing will be located around 50 activity centres that are designed to be high-density developments around transport centres. Lists key facts about Melbourne and touches on Victoria's infrastructure funding solutions and the cost downside of Sydney's housing policy.
590 ## - LOCAL NOTE (RLIN)
Local note IKA050905
650 24 - SUBJECT ADDED ENTRY--TOPICAL TERM
Topical term or geographic name entry element BARKER REVIEW OF HOUSING SUPPLY: SECURING OUR FUTURE HOUSING NEEDS
651 #4 - SUBJECT ADDED ENTRY--GEOGRAPHIC NAME
Geographic name AUSTRALIA
651 #4 - SUBJECT ADDED ENTRY--GEOGRAPHIC NAME
Geographic name VICTORIA
651 #4 - SUBJECT ADDED ENTRY--GEOGRAPHIC NAME
Geographic name SYDNEY
651 #4 - SUBJECT ADDED ENTRY--GEOGRAPHIC NAME
Geographic name MELBOURNE
690 ## - LOCAL SUBJECT ADDED ENTRY--TOPICAL TERM (OCLC, RLIN)
Topical term or geographic name as entry element ENVIRONMENTAL AND LAND CONSULTANCY-PLANNING AND DEVELOPMENT-STRATEGIC PLANNING
942 ## - ADDED ENTRY ELEMENTS (KOHA)
Suppress in OPAC 0
Holdings
Withdrawn status Lost status Source of classification or shelving scheme Damaged status Not for loan Home library Current library Shelving location Date acquired Total Checkouts Full call number Barcode Date last seen Copy number Price effective from Koha item type
    Dewey Decimal Classification     London London Journal article 29/08/2006   L134707 134707-1001 06/08/2019 1 06/08/2019 Journal article